[Event "?"]
[Site "masterchessopen.com Bulgaria"]
[Round "0"]
[White "Bohosjan Sarkis (BUL)"]
[Black "Popov Petar (BUL)"]
[Result "1-0"]
[WhiteElo "2365"]
[BlackElo "2228"]

1.e4 c5 2.Nf3 Nc6 3.Bb5 g6 4.c3 Bg7 5.d4 cxd4 6.cxd4 Qb6 7.Nc3 Bxd4 8.Nxd4
Qxd4 9.Qe2 a6 10.Be3 Qb4 11.a3 Qa5 12.Bc4 Nf6 13.O-O d6 14.Nd5 Nxd5 15.Bxd5
Be6 16.b4 Qb5 17.Qb2 O-O-O 18.a4 Qxb4 19.Qc2 {#r} 1-0

[Event "It (b)"]
[Site "masterchessopen.com Monaco"]
[Round "8"]
[White "Ciocaltea Viktor (ROM)"]
[Black "Huguet Bernard (FRA)"]
[Result "1-0"]
[WhiteElo "2420"]
[BlackElo "2146"]

1.e4 c5 2.Nf3 Nc6 3.Bb5 g6 4.O-O Bg7 5.c3 d6 6.h3 Bd7 7.d4 Qb6 8.Na3 cxd4
9.cxd4 a6 10.Ba4 Nxd4 11.Bxd7+ Kxd7 12.Be3 e5 13.Nc4 Qa7 14.Nxd4 exd4 15.Bf4
Ne7 16.Nxd6 Rhf8 17.Qb3 f5 18.exf5 Nxf5 19.Rfe1 Rf6 20.Nxf5 {#r} 1-0

[Event "Ch World (juniors)"]
[Site "masterchessopen.com Stockholm (Sweden)"]
[Round "5"]
[White "Urzica Aurel (ROM)"]
[Black "Diaz Joaquin C (CUB)"]
[Result "1-0"]
[WhiteElo "2402"]
[BlackElo "2327"]

1.e4 c5 2.Nf3 Nc6 3.Bb5 g6 4.O-O Bg7 5.Re1 a6 6.Bxc6 dxc6 7.d3 e5 8.Be3 b6
9.Qc1 Ne7 10.Bh6 Bf6 11.Nbd2 Ng8 12.Be3 h6 13.b4 cxb4 14.Nc4 c5 15.Ncxe5 Qe7
16.d4 Bxe5 17.Nxe5 Nf6 18.Nc6 Qb7 19.d5 Bd7 20.Qb2 {#r} 1-0

[Event "Memorial V.Goglidze"]
[Site "masterchessopen.com Tbilisi (Georgia)"]
[Round "0"]
[White "Fuchs Reinhard (GER)"]
[Black "Gufeld Eduard (USA)"]
[Result "0-1"]
[WhiteElo "2389"]
[BlackElo "2434"]

1.e4 c5 2.Nf3 Nc6 3.Bb5 g6 4.O-O Bg7 5.Re1 e5 6.Bxc6 bxc6 7.c3 Ne7 8.d4 cxd4
9.cxd4 exd4 10.Nxd4 O-O 11.Nc3 Rb8 12.Nb3 d5 13.Bg5 d4 14.Ne2 Rb5 15.Qd2 c5
16.Rac1 f6 17.Bh6 Bxh6 18.Qxh6 d3 {#R} 0-1

[Event "Ch World (team) (under 26) (final B)"]
[Site "masterchessopen.com Dresden (Germany)"]
[Date "1969.08.08"]
[Round "1"]
[White "Balshan Amikam (ISR)"]
[Black "Bengtsson Bo (SWE)"]
[Result "1-0"]
[WhiteElo "2385"]
[BlackElo "2300"]

1.e4 c5 2.Nf3 Nc6 3.Bb5 g6 4.c3 Nf6 5.e5 Nd5 6.O-O Bg7 7.d4 cxd4 8.cxd4 O-O
9.Nc3 Nxc3 10.bxc3 d6 11.exd6 Qxd6 12.a4 Bg4 13.h3 Bxf3 14.Qxf3 a6 15.Bd3 Rac8
16.Ba3 Qc7 17.Rab1 Rfe8 18.Be4 Bf6 19.Bc5 Red8 20.Bb6 {#r} 1-0

[Event "Olympiad"]
[Site "masterchessopen.com Siegen (Germany)"]
[Round "8"]
[White "Ciocaltea Viktor (ROM)"]
[Black "Petersen Finn (DEN)"]
[Result "1-0"]
[WhiteElo "2420"]
[BlackElo "2275"]

1.e4 c5 2.Nf3 Nc6 3.Bb5 g6 4.O-O Bg7 5.c3 Qb6 6.Na3 a6 7.Ba4 Nf6 8.e5 Ng4 9.d4
cxd4 10.cxd4 O-O 11.h3 Nh6 12.d5 Nb4 13.Be3 Qa5 14.Bb3 Nf5 15.Bd2 Qb6 16.Nc4
Qc5 17.g4 b5 18.Bxb4 Qxb4 19.Nb6 {#r} 1-0

[Event "It"]
[Site "masterchessopen.com Hospitalet de Llobregat (Spain)"]
[Date "1973.10.27"]
[Round "6"]
[White "Hug Werner (SUI)"]
[Black "Collado Galarza Josep (ESP)"]
[Result "1-0"]
[WhiteElo "2440"]
[BlackElo "1947"]

1.e4 c5 2.Nf3 Nc6 3.Bb5 g6 4.O-O Bg7 5.c3 e5 6.d4 cxd4 7.cxd4 exd4 8.Bf4 Nge7
9.Bd6 O-O 10.Na3 a6 11.Bc4 b5 12.Bd5 Re8 13.Bxf7+ Kh8 14.Bxe8 Qxe8 15.Nc2 Bb7
16.Re1 d3 17.Qxd3 Bxb2 18.Rad1 Nc8 19.Ba3 Bxa3 20.Qxa3 {#r} 1-0

[Event "It (open)"]
[Site "masterchessopen.com Australia"]
[Round "5"]
[White "Sztern Abraham (AUS)"]
[Black "Jordan William (AUS)"]
[Result "1-0"]
[WhiteElo "2193"]
[BlackElo "2275"]

1.e4 c5 2.Nf3 Nc6 3.Bb5 g6 4.O-O Bg7 5.c3 Nf6 6.Re1 O-O 7.d4 cxd4 8.cxd4 d5
9.e5 Ne4 10.Nc3 Nxc3 11.bxc3 Qb6 12.Bd3 f6 13.exf6 Bxf6 14.Bh6 Re8 15.Qc2 Kf7
16.Ne5+ Nxe5 17.dxe5 Bg7 18.Rab1 Qc7 19.e6+ Kf8 20.Bxg6 {#r} 1-0

[Event "It"]
[Site "masterchessopen.com Helsinki (Finland)"]
[Round "8"]
[White "Raaste Eero J (FIN)"]
[Black "Hort Vlastimil (GER)"]
[Result "0-1"]
[WhiteElo "2299"]
[BlackElo "2600"]

1.e4 c5 2.Nf3 Nc6 3.Bb5 g6 4.O-O Bg7 5.c3 e5 6.d4 cxd4 7.cxd4 exd4 8.Bf4 a6
9.Bc4 d6 10.Nbd2 Nf6 11.e5 dxe5 12.Nxe5 O-O 13.Ndf3 Nd5 14.Bg5 Qd6 15.Nxc6
bxc6 16.Nxd4 Nb6 {#R} 0-1

[Event "It"]
[Site "masterchessopen.com Albena (Bulgaria)"]
[Round "0"]
[White "Lutikov Anatoly S (RUS)"]
[Black "Ermenkov Evgenij (PLE)"]
[Result "1-0"]
[WhiteElo "2515"]
[BlackElo "2431"]

1.e4 c5 2.Nf3 Nc6 3.Bb5 g6 4.O-O Bg7 5.c3 Nf6 6.d4 cxd4 7.cxd4 Nxe4 8.d5 Nd6
9.Na3 Ne5 10.Nxe5 Bxe5 11.Re1 Nxb5 12.Rxe5 f6 13.Nxb5 fxe5 14.d6 O-O 15.Bg5
Qb6 16.dxe7 Qxb5 17.exf8=Q+ Kxf8 18.Qd6+ Kg8 19.Bh6 {#r} 1-0

[Event "It (juniors) (under 20)"]
[Site "masterchessopen.com West Berlin (Germany)"]
[Round "9"]
[White "Hartmann Wolfram (GER)"]
[Black "Kouatly Bachar (FRA)"]
[Result "1-0"]
[WhiteElo "2244"]
[BlackElo "2453"]

1.e4 c5 2.Nf3 Nc6 3.Bb5 g6 4.O-O Bg7 5.Re1 Qc7 6.Nc3 e6 7.Bxc6 bxc6 8.d3 d6
9.e5 d5 10.Na4 Bf8 11.c4 Rb8 12.b3 {#r} 1-0

[Event "Ch Romania"]
[Site "masterchessopen.com Sibiu (Romania)"]
[Round "0"]
[White "Ciocaltea Viktor (ROM)"]
[Black "Tratatovici Moise (ISR)"]
[Result "1-0"]
[WhiteElo "2465"]
[BlackElo "2265"]

1.e4 c5 2.Nf3 Nc6 3.Bb5 g6 4.O-O Nf6 5.Re1 Bg7 6.h3 O-O 7.c3 Ne8 8.d4 cxd4
9.cxd4 Nc7 10.Ba4 d5 11.Bxc6 bxc6 12.e5 Ne6 13.Nc3 Bb7 14.Ne4 Rc8 15.Nfg5 Nxg5
16.Bxg5 f6 17.Bf4 c5 18.Nxc5 Rxc5 19.dxc5 {#r} 1-0

[Event "It"]
[Site "masterchessopen.com Eksjo (Sweden)"]
[Round "9"]
[White "Jasnikowski Zbigniew (POL)"]
[Black "Trincardi Tullio (ITA)"]
[Result "0-1"]
[WhiteElo "2376"]
[BlackElo "2235"]

1.e4 c5 2.Nf3 Nc6 3.Bb5 g6 4.O-O Bg7 5.Re1 e5 6.c3 Nge7 7.d4 cxd4 8.cxd4 exd4
9.Bf4 a6 10.Bf1 d6 11.Nbd2 O-O 12.Qb3 Be6 13.Qxb7 Ra7 {#R} 0-1

[Event "It (open)"]
[Site "masterchessopen.com Bristol (England)"]
[Round "4"]
[White "Edwards Matthew (USA)"]
[Black "Smart Leslie (ENG)"]
[Result "0-1"]
[WhiteElo "2131"]
[BlackElo "2120"]

1.e4 c5 2.Nf3 Nc6 3.Bb5 g6 4.c3 Bg7 5.O-O Nf6 6.Re1 O-O 7.d4 cxd4 8.cxd4 d5
9.e5 Ne4 10.h3 f6 11.exf6 Rxf6 12.Nbd2 Nxf2 13.Kxf2 Nxd4 14.Be2 Qb6 15.Kf1 Nf5
16.Nb3 Ng3# 0-1

[Event "?"]
[Site "masterchessopen.com Jelenia Gora (Poland)"]
[Round "0"]
[White "Bednarski Jacek B (POL)"]
[Black "Paczuski Tomasz (POL)"]
[Result "1-0"]
[WhiteElo "2385"]
[BlackElo "1978"]

1.e4 c5 2.Nf3 Nc6 3.Bb5 g6 4.O-O Bg7 5.c3 e5 6.d4 exd4 7.cxd4 Nxd4 8.Nxd4 cxd4
9.e5 Ne7 10.Qxd4 O-O 11.Bg5 Nc6 12.Qh4 Qa5 13.Nc3 Nxe5 14.b4 Qa3 15.Nd5 d6
16.Bf6 Be6 17.Qh6 {#r} 1-0

[Event "Ch World (team) (under 26)"]
[Site "masterchessopen.com Chicago (USA)"]
[Round "0"]
[White "Paavilainen Jorma (FIN)"]
[Black "Norris Alan J (SCO)"]
[Result "1-0"]
[WhiteElo "2305"]
[BlackElo "2304"]

1.e4 c5 2.Nf3 Nc6 3.Bb5 g6 4.O-O Bg7 5.c3 Nf6 6.d4 cxd4 7.cxd4 d5 8.e5 Ne4
9.Nc3 O-O 10.Re1 Nxc3 11.bxc3 Bg4 12.Ba3 Na5 13.h3 Bxf3 14.Qxf3 Rc8 15.e6 a6
16.Bd7 fxe6 17.Bxe6+ Kh8 18.Qxd5 Rxc3 19.Qxd8 Rxd8 20.Bb4 {#r} 1-0

[Event "It (open)"]
[Site "masterchessopen.com Gdynia (Poland)"]
[Round "0"]
[White "Seifert Henryk (POL)"]
[Black "Dukaczewski Piotr (POL)"]
[Result "1-0"]
[WhiteElo "2176"]
[BlackElo "2310"]

1.e4 c5 2.Nf3 Nc6 3.Bb5 g6 4.O-O Bg7 5.c3 a6 6.Bxc6 bxc6 7.d4 cxd4 8.cxd4 Qc7
9.Nc3 e6 10.Bg5 Nf6 11.e5 Nd5 12.Ne4 O-O 13.Qd2 a5 14.Nf6+ Nxf6 15.Bxf6 h6
16.Rfe1 Bxf6 17.exf6 Kh7 18.Re4 a4 19.Qxh6+ Kxh6 20.Rh4# 1-0

[Event "Bundesliga 1985/86"]
[Site "masterchessopen.com Germany"]
[Round "0"]
[White "Ploetz Werner Dr (GER)"]
[Black "Lumper Thomas (GER)"]
[Result "0-1"]
[WhiteElo "2250"]
[BlackElo "2315"]

1.e4 c5 2.Nf3 Nc6 3.Bb5 g6 4.O-O Bg7 5.c3 Nf6 6.Re1 O-O 7.d4 cxd4 8.cxd4 d5
9.e5 Ne4 10.Nc3 Bf5 11.Nh4 Rc8 12.Nxf5 gxf5 13.Ne2 Nxe5 14.dxe5 Qb6 15.Bd7
Qxf2+ 16.Kh1 Rc7 17.Rf1 Rxd7 {#R} 0-1

[Event "Cup Baltic (corr.)"]
[Site "masterchessopen.com corr."]
[Round "0"]
[White "Soderberg Per (SWE)"]
[Black "Petraitis Gintautas (LTU)"]
[Result "1-0"]
[WhiteElo "2204"]
[BlackElo "1946"]

1.e4 c5 2.Nf3 Nc6 3.Bb5 g6 4.O-O Bg7 5.c3 Nf6 6.Re1 O-O 7.d4 cxd4 8.cxd4 d5
9.e5 Ne4 10.h3 Qb6 11.Ba4 Rd8 12.Nc3 Nxe5 13.Nxd5 Rxd5 14.Bb3 Nxf2 15.Kxf2
Nxf3 16.Rxe7 Bxd4+ 17.Kxf3 Qf6+ 18.Bf4 Rf5 19.Re4 Bxb2 20.g4 Bxa1 21.Re8+ Kg7
22.gxf5 {#r} 1-0

[Event "It"]
[Site "masterchessopen.com San Benedetto del Tronto (Italy)"]
[Round "0"]
[White "Paglietti Nicola (ITA)"]
[Black "Magalotti Andrea (ITA)"]
[Result "1-0"]
[WhiteElo "2273"]
[BlackElo "2135"]

1.e4 c5 2.Nf3 Nc6 3.Bb5 g6 4.O-O Bg7 5.Nc3 e6 6.Bxc6 bxc6 7.e5 f6 8.Ne4 fxe5
9.Nd6+ Ke7 10.Ng5 Nh6 11.Nge4 Nf7 12.d4 exd4 13.Qg4 Qf8 14.Qh4+ g5 15.Bxg5+
Nxg5 16.Qxg5+ Bf6 17.Qxc5 Kd8 18.Rad1 Rg8 19.Rd3 Rg4 20.Nb7+ {#r} 1-0

[Event "Staatsliga"]
[Site "masterchessopen.com Austria"]
[Round "0"]
[White "Mahdi Khaled (AUT)"]
[Black "Brestian Egon (AUT)"]
[Result "0-1"]
[WhiteElo "2399"]
[BlackElo "2395"]

1.e4 c5 2.Nf3 Nc6 3.Bb5 g6 4.O-O Bg7 5.Re1 Nf6 6.e5 Nd5 7.Nc3 Nc7 8.Bxc6 bxc6
9.Ne4 Ne6 10.d3 O-O 11.Bd2 d5 12.Neg5 Qc7 13.a4 h6 14.Nh3 g5 15.Qc1 f6 16.exf6
exf6 {#R} 0-1

[Event "Tournament"]
[Site "masterchessopen.com Roncegno (Italy)"]
[Round "0"]
[White "Schulz Juergen (GER)"]
[Black "Castagnetta Gianluca (ITA)"]
[Result "0-1"]
[WhiteElo "2065"]
[BlackElo "2305"]

1.e4 c5 2.Nf3 Nc6 3.Bb5 g6 4.O-O Bg7 5.Re1 Nf6 6.c3 O-O 7.h3 d6 8.d4 Bd7 9.Ba4
cxd4 10.cxd4 d5 11.e5 Ne4 12.Bb3 e6 13.Nbd2 Nxd2 14.Bxd2 Qb6 15.Rb1 Nxd4
16.Be3 Nxf3+ 17.Qxf3 d4 18.Bxd4 Qxd4 19.Rbd1 Qb4 {#R} 0-1

[Event "It (open)"]
[Site "masterchessopen.com Cattolica (Italy)"]
[Round "0"]
[White "Gruenberg Regina (GER)"]
[Black "Menacher Manfred (GER)"]
[Result "1-0"]
[WhiteElo "2071"]
[BlackElo "2307"]

1.e4 c5 2.Nf3 Nc6 3.Bb5 g6 4.O-O Bg7 5.c3 Nf6 6.Re1 O-O 7.d4 cxd4 8.cxd4 d5
9.e5 Ne4 10.Nc3 Nxc3 11.bxc3 Bd7 12.a4 Rc8 13.Ng5 a6 14.Bxc6 Rxc6 15.Re3 h6
16.Nh3 Qa5 17.Nf4 e6 18.Rg3 Rfc8 19.Nh5 Rxc3 20.Bd2 gxh5 21.Bxc3 Rxc3 22.Qe1
{#r} 1-0

[Event "Cup World (corr.)"]
[Site "masterchessopen.com corr."]
[Round "0"]
[White "Yerofeev Sergey (RUS)"]
[Black "Teichmeister Sven (AUT)"]
[Result "0-1"]
[WhiteElo "2359"]
[BlackElo "2044"]

1.e4 c5 2.Nf3 Nc6 3.Bb5 g6 4.O-O Bg7 5.c3 Nf6 6.e5 Nd5 7.d4 cxd4 8.cxd4 O-O
9.Nc3 Nc7 10.Bc4 d6 11.Qe2 Bg4 12.Rd1 dxe5 13.dxe5 Qc8 14.Bf4 Qf5 15.Qe3 Bxf3
16.gxf3 Bxe5 17.Bg3 Rad8 18.Rxd8 Rxd8 19.Re1 Bxg3 20.fxg3 Nd4 21.Rf1 Qc5 {#R}
0-1

[Event "Bundesliga 1988/89"]
[Site "masterchessopen.com Germany"]
[Round "0"]
[White "Ostermeyer Peter Dr (GER)"]
[Black "Reis Gerhard (GER)"]
[Result "1-0"]
[WhiteElo "2402"]
[BlackElo "2228"]

1.e4 c5 2.Nf3 Nc6 3.Bb5 g6 4.O-O Bg7 5.c3 Nf6 6.Re1 O-O 7.d4 cxd4 8.cxd4 d5
9.e5 Ne4 10.Nc3 Bf5 11.Nh4 Qb6 12.Bxc6 bxc6 13.Na4 {#r} 1-0

[Event "It (open)"]
[Site "masterchessopen.com Kecskemet (Hungary)"]
[Round "9"]
[White "Maly Martin (AUT)"]
[Black "Schulze Ulrich (GER)"]
[Result "0-1"]
[WhiteElo "2150"]
[BlackElo "2323"]

1.e4 c5 2.Nf3 Nc6 3.Bb5 g6 4.O-O Bg7 5.c3 a6 6.Ba4 Nf6 7.Re1 O-O 8.d4 cxd4
9.cxd4 d5 10.e5 Ne4 11.Nc3 Nxc3 12.bxc3 Qa5 13.Bc2 Bg4 14.h3 Bxf3 15.Qxf3 Nxd4
16.Qd1 Qxc3 {#R} 0-1

[Event "It (open)"]
[Site "masterchessopen.com Wiesbaden (Germany)"]
[Round "0"]
[White "Werner Dimo (GER)"]
[Black "Schaefer Markus (GER)"]
[Result "1-0"]
[WhiteElo "2190"]
[BlackElo "2399"]

1.e4 c5 2.Nf3 Nc6 3.Bb5 g6 4.O-O Bg7 5.Re1 Nf6 6.c3 O-O 7.h3 d6 8.d4 Qc7 9.Bf4
cxd4 10.cxd4 Qb6 11.Nc3 a6 12.Bf1 Rd8 13.d5 Nb8 14.Na4 Qa7 15.Be3 b6 16.Nxb6
Qb7 17.Rc1 Nbd7 18.Nxa8 Qxa8 19.Nd4 Nxe4 20.Nc6 Re8 21.Bd4 Ndf6 22.Qc2 {#r}
1-0

[Event "It (open)"]
[Site "masterchessopen.com Dublin (Ireland)"]
[Round "0"]
[White "Ryan Joseph (IRL)"]
[Black "McElligott Gerry (IRL)"]
[Result "1-0"]
[WhiteElo "2288"]
[BlackElo "2145"]

1.e4 c5 2.Nf3 Nc6 3.Bb5 g6 4.O-O Bg7 5.c3 e5 6.d4 cxd4 7.cxd4 Nxd4 8.Nxd4 exd4
9.e5 Qb6 10.Na3 Kf8 11.Re1 d6 12.exd6 Be6 13.Qf3 Qxd6 14.Bf4 Qe7 15.Rac1 Nh6
16.Rc7 {#r} 1-0

[Event "Bundesliga 1990/91 (2nd)"]
[Site "masterchessopen.com Germany"]
[Round "0"]
[White "Stelting Thorsten (GER)"]
[Black "Danschczyk Christian (GER)"]
[Result "1-0"]
[WhiteElo "2212"]
[BlackElo "2296"]

1.e4 c5 2.Nf3 Nc6 3.Bb5 g6 4.O-O Bg7 5.Re1 Nf6 6.c3 O-O 7.h3 e5 8.d4 cxd4
9.cxd4 exd4 10.Nxd4 Nxd4 11.Qxd4 Re8 12.e5 a6 13.Bg5 h6 14.Bxf6 Bxf6 15.Nc3
Bg7 16.Bc4 d6 17.Qxd6 Qg5 18.Ne4 Qf4 19.e6 Qxd6 20.exf7+ {#r} 1-0

[Event "It (open)"]
[Site "masterchessopen.com San Bernadino Brocco (Switzerland)"]
[Round "0"]
[White "Frank Albert (BEL)"]
[Black "Eisenbeis Norman (GER)"]
[Result "1-0"]
[WhiteElo "1934"]
[BlackElo "2054"]

1.e4 c5 2.Nf3 Nc6 3.Bb5 g6 4.O-O Bg7 5.c3 Nf6 6.Re1 O-O 7.d4 cxd4 8.cxd4 d5
9.e5 Ne4 10.Re3 f6 11.exf6 Bxf6 12.Nc3 Bf5 13.Qa4 Nxc3 14.Rxc3 Bd7 15.Bh6 Bg7
16.Bxg7 Kxg7 17.Re1 Rf5 18.Qa3 Kf6 19.Rce3 e6 20.Qd6 g5 21.Bxc6 bxc6 22.Nxg5
{#r} 1-0

[Event "Ch Croatia (team) (2nd league)"]
[Site "masterchessopen.com Croatia"]
[Round "0"]
[White "Cvorovic Drazen (CRO)"]
[Black "Lacmanovic Stipe (CRO)"]
[Result "1-0"]
[WhiteElo "2449"]
[BlackElo "2077"]

1.e4 c5 2.Nf3 Nc6 3.Bb5 g6 4.O-O Bg7 5.Re1 e6 6.Bxc6 dxc6 7.e5 Ne7 8.d3 O-O
9.Nbd2 Nf5 10.Ne4 b6 11.Bg5 Qc7 12.Nf6+ Kh8 13.g4 Nd4 14.c3 h6 15.Bd2 Bxf6
16.exf6 Nxf3+ 17.Qxf3 h5 {#r} 1-0

[Event "Ch Croatia (team) (2nd league)"]
[Site "masterchessopen.com Croatia"]
[Round "0"]
[White "Leventic Ivan (CRO)"]
[Black "Jelic Neven (CRO)"]
[Result "1-0"]
[WhiteElo "2468"]
[BlackElo "2090"]

1.e4 c5 2.Nf3 Nc6 3.Bb5 g6 4.O-O Bg7 5.c3 Nf6 6.Re1 O-O 7.d4 cxd4 8.e5 Nd5
9.cxd4 d6 10.Nc3 Nxc3 11.bxc3 Bg4 12.exd6 Qxd6 13.h3 Bxf3 14.Qxf3 e6 15.Bf4
Qa3 16.Reb1 Rac8 17.Rb3 Qa5 18.Bd6 Rfd8 19.Bc5 Bf8 20.Bxc6 bxc6 21.Rb7 Rc7
22.Bb4 {#r} 1-0

[Event "Ch Denmark (team) 1991/92"]
[Site "masterchessopen.com Denmark"]
[Round "5"]
[White "Mortensen John (DEN)"]
[Black "Laursen Christopher Hofman (DEN)"]
[Result "1-0"]
[WhiteElo "2122"]
[BlackElo "2255"]

1.e4 c5 2.Nf3 Nc6 3.Bb5 g6 4.O-O Bg7 5.c3 e5 6.d4 exd4 7.Bf4 Nge7 8.Bd6 Qb6
9.Na3 dxc3 10.bxc3 Bxc3 11.Rb1 Bb4 12.Ba4 Nd4 13.Nc4 Qa6 14.Rxb4 Ne2+ 15.Qxe2
cxb4 16.Qb2 O-O 17.Qxb4 {#r} 1-0

[Event "Oberliga Baden 1991/92"]
[Site "masterchessopen.com Germany"]
[Round "-56"]
[White "Weber Raymond"]
[Black "Kratochwil Christian (GER)"]
[Result "0-1"]
[WhiteElo "2200"]
[BlackElo "2281"]

1.e4 c5 2.Nf3 Nc6 3.Bb5 g6 4.c3 Bg7 5.d3 Nf6 6.Be3 Qb6 7.Na3 a6 8.Bc4 Qxb2
9.Nc2 Qb6 10.e5 Ng4 11.d4 Nxe3 12.fxe3 O-O 13.h4 cxd4 14.exd4 Qa5 15.Qd2 h5
16.g4 d5 17.Bd3 Bxg4 18.Nh2 Be6 19.Rg1 Rac8 20.O-O-O Qxa2 21.Bxg6 Na5 22.Bh7+
Kh8 {#R} 0-1

[Event "Tournament (b)"]
[Site "masterchessopen.com Hengelo (Netherlands)"]
[Round "1"]
[White "Kuipers Eelco (NED)"]
[Black "Van Ginkel Pieter (NED)"]
[Result "1-0"]
[WhiteElo "2314"]
[BlackElo "2244"]

1.e4 c5 2.Nf3 Nc6 3.Bb5 g6 4.O-O Bg7 5.c3 d6 6.Re1 e5 7.d4 cxd4 8.cxd4 Bd7
9.Bg5 f6 10.Be3 Nh6 11.Qb3 Ng4 12.dxe5 dxe5 13.Bc5 Bf8 14.Bxf8 Kxf8 15.h3 Nh6
16.Rd1 Qe7 17.Nc3 a6 18.Nd5 Qg7 19.Qa3+ Kg8 20.Bxc6 Bxc6 21.Ne7+ Kf7 22.Nxc6
{#r} 1-0

[Event "Ch World (juniors) (under 18)"]
[Site "masterchessopen.com Bratislava (Slovakia)"]
[Round "4"]
[White "Ulfarsson Magnus Orn (ISL)"]
[Black "Arias Jorge (URU)"]
[Result "1-0"]
[WhiteElo "2375"]
[BlackElo "2151"]

1.e4 c5 2.Nf3 Nc6 3.Bb5 g6 4.Bxc6 bxc6 5.O-O Bg7 6.Re1 Nf6 7.e5 Nd5 8.c4 Nb4
9.d4 cxd4 10.a3 Na6 11.Qxd4 Nc7 12.Nc3 Ne6 13.Qh4 O-O 14.Bh6 a5 15.Ne4 Re8
16.Rad1 Ba6 17.Neg5 Nf8 18.Bxg7 Kxg7 19.e6 fxe6 20.Qf4 Qc8 21.Qf7+ Kh8 22.Ne5
{#r} 1-0

[Event "Ch Club"]
[Site "masterchessopen.com Helsinki (Finland)"]
[Round "0"]
[White "Kiik Kalle (EST)"]
[Black "Salmensuu Olli (FIN)"]
[Result "1-0"]
[WhiteElo "2406"]
[BlackElo "2395"]

1.e4 c5 2.Nf3 Nc6 3.Bb5 g6 4.O-O Bg7 5.Re1 e5 6.b4 cxb4 7.a3 Qa5 8.Bc4 Nge7
9.Bb2 O-O 10.axb4 Qxb4 11.Bb3 Qb6 12.Ba3 Qc7 13.Nc3 a6 14.Nd5 Qd8 15.Bd6 Nxd5
16.Bxf8 Kxf8 17.exd5 e4 18.dxc6 Qf6 19.Qe2 {#r} 1-0

[Event "Ch Hungary (team) 1992/93"]
[Site "masterchessopen.com Hungary"]
[Round "0"]
[White "Horvath Andras (HUN)"]
[Black "Nagy Attila (SRB)"]
[Result "1-0"]
[WhiteElo "2308"]
[BlackElo "2241"]

1.e4 c5 2.Nf3 Nc6 3.Bb5 g6 4.O-O Bg7 5.c3 Nf6 6.Re1 a6 7.Ba4 O-O 8.d4 b5 9.Bc2
cxd4 10.cxd4 d5 11.e5 Ne8 12.Nc3 Nc7 13.Nh4 Be6 14.Ne2 Qd7 15.h3 Qc8 16.Nf4
Bd7 17.a3 g5 18.Qd3 Rd8 19.Qxh7+ Kf8 20.Nh5 {#r} 1-0

[Event "Ch Norway (team) East"]
[Site "masterchessopen.com Norway"]
[Round "3"]
[White "Engedal Kim Nikolai (NOR)"]
[Black "Breivik Lars (NOR)"]
[Result "1-0"]
[WhiteElo "2230"]
[BlackElo "2216"]

1.e4 c5 2.Nf3 Nc6 3.Bb5 g6 4.O-O Bg7 5.Re1 e5 6.b4 cxb4 7.a3 Qa5 8.Bxc6 dxc6
9.h3 Nf6 10.Bb2 Nd7 11.axb4 Qxb4 12.Ba3 Qb6 13.d4 exd4 14.e5 c5 15.c3 O-O
16.cxd4 Re8 17.Nbd2 cxd4 18.Nc4 Qd8 19.Nd6 Re6 20.Qxd4 f6 21.Qd5 Nb6 22.Qb3
{#r} 1-0

[Event "It (open)"]
[Site "masterchessopen.com Salta (Argentina)"]
[Round "5"]
[White "De Las Heras Juan Carlos (ARG)"]
[Black "Churin Leonardo (ARG)"]
[Result "1-0"]
[WhiteElo "2285"]
[BlackElo "2252"]

1.e4 c5 2.Nf3 Nc6 3.Bb5 g6 4.Bxc6 dxc6 5.h3 Bg7 6.d3 e5 7.Be3 Qe7 8.Qd2 Nf6
9.Qc3 Nd7 10.a4 b6 11.a5 Ba6 12.axb6 axb6 13.Nbd2 O-O 14.O-O Rfb8 15.Ra2 Qe8
16.Rfa1 Bb5 17.Qb3 Ra5 18.Rxa5 bxa5 19.Rxa5 Bf8 20.Qa2 c4 21.dxc4 Bb4 22.Ra7
{#r} 1-0

[Event "It (open)"]
[Site "masterchessopen.com Acasusso (Argentina)"]
[Round "1"]
[White "Zarnicki Pablo (ARG)"]
[Black "Ortega Morales Javier (ARG)"]
[Result "1-0"]
[WhiteElo "2475"]
[BlackElo "1927"]

1.e4 c5 2.Nf3 Nc6 3.Bb5 g6 4.O-O Bg7 5.Bxc6 dxc6 6.d3 Bg4 7.h3 Bxf3 8.Qxf3 e6
9.Nc3 Bxc3 10.bxc3 Qf6 11.Qe2 Ne7 12.e5 Qg7 13.Bg5 Ng8 14.Rab1 Rb8 15.Qf3 Ne7
16.Bf6 Qf8 17.Bxh8 Qxh8 18.d4 c4 19.Qe2 Nd5 20.Qxc4 Qf8 21.Qxc6+ {#r} 1-0

[Event "Ch Germany (juniors) (team)"]
[Site "masterchessopen.com Binz (Germany)"]
[Round "3"]
[White "Schmenger Felix (GER)"]
[Black "Breier Andreas (GER)"]
[Result "1-0"]
[WhiteElo "2282"]
[BlackElo "2400"]

1.e4 c5 2.Nf3 Nc6 3.Bb5 g6 4.Bxc6 dxc6 5.h3 Nf6 6.d3 Bg7 7.Nc3 O-O 8.Be3 b6
9.Qd2 Ne8 10.Bh6 Nc7 11.h4 Bg4 12.h5 gxh5 13.Bxg7 Kxg7 14.Ne5 Qd6 15.Qg5+ Kh8
16.Nxg4 hxg4 17.O-O-O Qg6 18.Qe5+ Qf6 19.Qxc7 e5 20.Rh5 {#r} 1-0

[Event "It (open)"]
[Site "masterchessopen.com Gyongyos (Hungary)"]
[Round "0"]
[White "Krivolapov Konstantin (UKR)"]
[Black "Kopjonkin Gennady (RUS)"]
[Result "0-1"]
[WhiteElo "2363"]
[BlackElo "2323"]

1.e4 c5 2.Nf3 Nc6 3.Bb5 g6 4.Bxc6 dxc6 5.h3 Bg7 6.d3 Nh6 7.Nc3 f6 8.Be3 b6
9.Qd2 Nf7 10.Nh2 e5 11.f4 O-O 12.fxe5 Nxe5 13.O-O Be6 14.Nf3 Nf7 15.Rf2 Qe7
16.Raf1 Rad8 17.Qe2 Bc8 18.Nd1 c4 19.Bd2 cxd3 20.cxd3 Ba6 21.Ne1 Ne5 {#R} 0-1